| 000 | 00739nam a2200193Ia 4500 | ||
|---|---|---|---|
| 003 | GCL | ||
| 008 | 140319s9999 xx 000 0 ara d | ||
| 040 |
_aGCL / _cGCL |
||
| 082 | 0 | 4 |
_aق _b301.35 _bم ت |
| 100 | 1 | _aمحمود عبدالفضيل | |
| 245 | 1 | 0 |
_aالتحولات الاقتصادية والاجتماعية فى الريف المصرى (1970-1952) دراسة فى تطور المسالة الزراعية فى مصر (هدية من الاديب عبدالفتاح الجمل) / _cمحمود عبدالفضيل |
| 300 | _a250 ص | ||
| 490 | _a | ||
| 650 | 0 | 4 | _aمصر |
| 650 | 0 | 4 | _aالاصلاح الاجتماعى |
| 650 | 0 | 4 | _aالحياة الريفية |
| 650 | 0 | 4 | _aالزراعة والدولة |
| 942 |
_2ddc _cBK |
||
| 999 |
_c38498 _d38498 |
||